000 00558nam a2200205Ia 4500
005 20250326144152.0
008 250326s9999 xx 000 0 und d
020 _a978-81-7188-661-6
037 _aTextbook
040 _aFMSL
_beng
_cFMSL
041 _aeng
_2eng
084 _aX.44.1 P8
_qFMSL
100 _aKumar R
245 0 _aIndia and the global economy
_cKumar R; Gupta A S
260 _aNew Delhi
_bNew Delhi, Academic Foundation
_c2008
300 _a345p
365 _b995
942 _cTB
_hX.44.1 P8
999 _c1302644
_d1302644